| 000 | 01541cad a22002655a 4500 | ||
|---|---|---|---|
| 001 | L142779 | ||
| 008 | 080310e20080305xxkad f 000 0 eng d | ||
| 020 | _a9781859356432 | ||
| 035 | _a(Sirsi) u142779 | ||
| 041 | 0 | _aeng | |
| 050 | 0 | 4 | _a332.632 $2 18 |
| 100 | 1 | _aStephens, Mark | |
| 245 | 0 | 0 |
_aDeveloping safety nets for home-owners _h[electronic resource] |
| 260 |
_aYork _bJRF _c2008 |
||
| 520 | _aDescribes a recommended framework for the greater measures aimed at mitigating risk of repossession for homeowners. During the early 2000s home repossessions fell to very low levels, but recently there has been a marked increase. Current financial safety measures are known to be inadequate. Proposes the Sustainable Home Ownership Partnership (SHOP), a levy system to pool funding for borrowers to access in clearly defined circumstances. Sets out a structure for SHOP and recommends it should be compulsory for new borrowers and those who remortgage. Sets out the degree of regulation recommended in the system. Details suggested payment rates. | ||
| 521 | 2 | _aAdvanced | |
| 590 | _aKA | ||
| 651 | 4 |
_aUnited Kingdom _y |
|
| 690 | _aPROPERTY-RESIDENTIAL PROPERTY-RESIDENTIAL PROPERTY FINANCE AND INVESTMENT-MORTGAGING RESIDENTIAL PROPERTY | ||
| 690 | _aPROPERTY-PROPERTY FINANCE AND INVESTMENT-SECURITISATION | ||
| 700 | 1 | _aDailly, Mike | |
| 700 | 1 | _aWilcox, Steve | |
| 856 | 4 | 0 |
_uhttps://www.jrf.org.uk/sites/files/jrf/2198-mortgage-insurance-repossession.pdf _zView the item free of charge at www.jrf.org.uk... |
| 942 | _n0 | ||
| 999 |
_c107968 _d107968 |
||